01017nam a22002297a 4500999001700000003000900017008004100026040007100067082002200138100002000160245009200180260007500272300004800347505016800395650002100563650003300584650001500617650002000632942001500652945002000667952010000687 c13641d13641AR-CdUCM190416b ||||| |||| 00| 0 spa d aMUNICIPALIDAD PROVINCIAL DEL CUSCOcBIBLIOTECA MUNICIPAL DEL CUSCO aTS / 344.6 /bG48 aGil, Napoleón aPrincipios de sociología criminal y penologia aplicados a la institución policial / aLima :bImprenta de la Escuela de la Guardia Civil y Policía,c1933. a72 páginas ;bGráfico plegable,c24 cm. aContenido: Policiología -- No hay privilegio jurídico -- Detención -- Código penal peruano (sección primera) -- Sección segunda del código penal ... aPolicía932133 aSociología criminal915707 aPerú935 aPrisiones98398 2ddccTESIS acmmd2019-04-16 002ddc4070aSCAbSCAcREFd2019-04-16g40.00oTS / 344.6 / G48pSCA0002891r2019-04-16yTESIS